LEADER 01193nam0 2200325 i 450 001 LO10599820 005 20231121125522.0 010 $a8873039545 020 $aIT$b2003-937 100 $a20141209d2002 ||||0itac50 ba 101 | $aita 102 $ait 181 1$6z01$ai $bxxxe 182 1$6z01$an 200 1 $aAutoCAD 2002$eil manuale$fDavid Harrington, Bill Burchard, David Pitzer 210 $aMilano$cApogeo$d\2002! 215 $aVI, 954 p.$d24 cm. 500 10$aInside AutoCAD 2002.$3LO10599821$9BVEV030567$93608519 606 $aAutoCAD$xManuali$2FIR$3RMLC381020$9I 700 1$aHarrington$b, David$3BVEV030567$4070$01441201 701 1$aBurchard$b, Bill$3MILV201516$4070$01230419 701 1$aPitzer$b, David$3VEAV049355$4070$01441202 801 3$aIT$bIT-01$c20141209 850 $aIT-FR0099 899 $aBiblioteca Area Ingegneristica$bFR0099 912 $aLO10599820 950 0$aBiblioteca Area Ingegneristica$d 54DAE 620.004 HAR$e 54VM 0000360395 VM barcode:ING401A. - Inventario:401AVM$fA $h20031024$i20121204 977 $a 54 996 $aInside AutoCAD 2002$93608519 997 $aUNICAS